00762 a2200205 4500999001500000010001400015020002300029035001300052037001500065082000600080245013000086260004500216270006800261300002900329500002200358700001900380700002600399942002500425952010600450 c5854d5854 aENG-86981 a0195685857c350.00 aEN-70514 bDBAD / PUB14aS1 aThree sides of life :cby Ashapurna Devi...[et al.] ;edited by Saumitra Chakravartybshort stories by Bengali women writers / aNew DelhibOxford University Pressc2007 aY.M.C.A . Library building, Jai Singh Road,bNew Delhie110 001 axxxvi, 195 pc21 cm (Hb) aIncludes glossary1 aAshapurna Devi1 aChakravarty, Saumitra adplcEN2ddchSmTHE 001040718FICaDBADbDBADeDBAD/PUBg350.00l0oS THEpEN-70514r2008-09-15 00:00:00t1v350.00yEN